La comunicación humana: en el mundo contemporáneo/ (Registro nro. 12636)

Detalles MARC
000 -LEADER
fixed length control field 01381nam a2200217Ia 4500
005 - FECHA Y HORA DE LA ÚLTIMA TRANSACCIÓN
control field 20241031181044.0
008 - FIXED-LENGTH DATA ELEMENTS--GENERAL INFORMATION
fixed length control field 241026s9999 xx 000 0 und d
020 ## - INTERNATIONAL STANDARD BOOK NUMBER
International Standard Book Number 970-10-6642-1
040 ## - CATALOGING SOURCE
Original cataloging agency UPAN
Transcribing agency Biblioteca San Vicente
Description conventions RCAA2
041 ## - LANGUAGE CODE
Language code of text/sound track or separate title spa
082 ## - DEWEY DECIMAL CLASSIFICATION NUMBER
Classification number 302.2
Item number F476c
año de publicación 2008
100 ## - MAIN ENTRY--PERSONAL NAME
Personal name Fernández Collado, Carlos
Relator code aut.
245 #0 - TITLE STATEMENT
Title La comunicación humana: en el mundo contemporáneo/
Statement of responsibility, etc Carlos Fernández Collado
250 ## - EDITION STATEMENT
Edition statement 3° ed.
260 ## - PUBLICATION, DISTRIBUTION, ETC. (IMPRINT)
Place of publication, distribution, etc México:
Name of publisher, distributor, etc McGrawHill
Date of publication, distribution, etc 2008
300 ## - PHYSICAL DESCRIPTION
Extent 446 p.
Dimensions 23 cm.
505 ## - FORMATTED CONTENTS NOTE
Formatted contents note Capítulo 1: El desarrollo histórico de la comunicación como ciencia. <br/>Capítulo 2: La comunicación interpersonal. <br/>Capítulo 3: Dinámica de grupo y comunicación. <br/>Capítulo 4: La comunicación organizacional. <br/>Capítulo 5: Los medios de comunicación masiva. <br/>Capítulo 6: Comunicación intercultural. <br/>Capítulo 7: El comportamiento no verbal en la interacción humana. <br/>Capítulo 8: Comunicación persuasiva <br/>Capítulo 9: Lenguaje y comunicación. <br/>Capítulo 10: Comunicación y cambio social. <br/>Capítulo 11: Comunicación política. <br/>Capítulo 12: Tecnologías de la comunicación. <br/>Capítulo 13: investigación y comunicación. <br/>Capitulo 14: La comunicacion verbal; comó hablar en público.
650 ## - SUBJECT ADDED ENTRY--TOPICAL TERM
Source of heading or term LEMB
General subdivision Comunicación interpersonal
700 ## - ADDED ENTRY--PERSONAL NAME
Personal name Galguera García, Laura
Relator code aut.
942 ## - ADDED ENTRY ELEMENTS (KOHA)
Source of classification or shelving scheme Dewey Decimal Classification
Koha item type Libros
Existencias
Withdrawn status Lost status Source of classification or shelving scheme Damaged status Not for loan Collection code Home library Current library Date acquired Total Checkouts Full call number Barcode Date last seen Price effective from Koha item type
    Dewey Decimal Classification     Colección General Biblioteca UPAN San Vicente Biblioteca UPAN San Vicente 27/10/2024   302.2 F476c 12003402 27/10/2024 27/10/2024 Libros